书目信息 |
| 题名: |
课堂语言能力评价
|
|
| 作者: | 科恩 , Andrew D. Cohen (美) 著 ;武尊民 导读 | |
| 分册: | ||
| 出版信息: | 北京 外语教学与研究出版社 2009.07 |
|
| 页数: | 394页 | |
| 开本: | 25cm | |
| 丛书名: | 汤姆森英语教师丛书 | |
| 单 册: | ||
| 中图分类: | G633.413 | |
| 科图分类: | ||
| 主题词: | 英语课--ying yu ke--课堂教学--语言能力--教学评议--中学 | |
| 电子资源: | ||
| ISBN: | 978-7-5600-5169-7 | |
| 000 | 01344nam 2200325 450 | |
| 001 | 012006911625 | |
| 005 | 20110712165608.32 | |
| 010 | @a978-7-5600-5169-7@dCNY46.90 | |
| 100 | @a20060914d2009 km y0chiy0120 ea | |
| 101 | 0 | @achi@aeng |
| 102 | @aCN@b110000 | |
| 105 | @aa a 001yy | |
| 106 | @ar | |
| 200 | 1 | @a课堂语言能力评价@Ake tang yu yan neng li ping jia@d= Assessing language ability in the classroom@fAndrew D. Cohen (美) 著@FAndrew D.Cohen(mei)zhu@g武尊民导读@zchi |
| 210 | @a北京@c外语教学与研究出版社@d2009.07 | |
| 215 | @a394页@c图@d25cm | |
| 225 | 2 | @a汤姆森英语教师丛书@Atang mu sen ying yu jiao shi cong shu@v18 |
| 305 | @a本书由汤姆森学习出版集团授权外语教学与研究出版社独家出版发行 | |
| 320 | @a有书目 (第363-386页) 和索引 | |
| 330 | @a本书结合我国外语教师的需求和现状,用深入浅出的语言有针对性地对原书作了概括、总结与评价,有助于英语教师和语言工作者、研究者对原著的学习和理解。 | |
| 410 | 0 | @12001 @a汤姆森英语教师丛书 |
| 510 | 1 | @a Assessing language ability in the classroom@zchi |
| 586 | @a | |
| 606 | 0 | @a英语课@Aying yu ke@x课堂教学@x语言能力@x教学评议@x中学 |
| 690 | @aG633.413@v5 | |
| 701 | 1 | @a科恩@Ake en@g(Cohnen, Andrew D.)@4著 |
| 701 | 0 | @aAndrew D. Cohen (美)@AAndrew D.Cohen(mei)@4著 |
| 702 | 0 | @a武尊民@Awu zun min@4导读 |
| 801 | 0 | @aCN@c20110610 |
| 905 | @dG633.413@eK494@f3 | |
| 课堂语言能力评价= Assessing language ability in the classroom/Andrew D. Cohen (美) 著/武尊民导读.-北京:外语教学与研究出版社,2009.07 |
| 394页:图;25cm.-(汤姆森英语教师丛书;18) |
| ISBN 978-7-5600-5169-7:CNY46.90 |
| 本书结合我国外语教师的需求和现状,用深入浅出的语言有针对性地对原书作了概括、总结与评价,有助于英语教师和语言工作者、研究者对原著的学习和理解。 |
| ● |
| 相关链接 |
|
|
|
正题名:课堂语言能力评价
索取号:G633.413/K494
 
预约/预借
| 序号 | 登录号 | 条形码 | 馆藏地/架位号 | 状态 | 备注 |
| 1 | 882852 | 208828526 | 社科库409/409社科库 7排3列2层/ [索取号:G633.413/K494] | 在馆 | |
| 2 | 882853 | 208828535 | 社科库409/409社科库 7排3列2层/ [索取号:G633.413/K494] | 在馆 | |
| 3 | 882854 | 208828544 | 社科库409/409社科库 7排3列2层/ [索取号:G633.413/K494] | 在馆 |